<?xml version="1.0" encoding="UTF-8"?>
<record
    xmlns:xsi="http://www.w3.org/2001/XMLSchema-instance"
    xsi:schemaLocation="http://www.loc.gov/MARC21/slim http://www.loc.gov/standards/marcxml/schema/MARC21slim.xsd"
    xmlns="http://www.loc.gov/MARC21/slim">

  <leader>00376    a2200157   4500</leader>
  <controlfield tag="005">20250716150046.0</controlfield>
  <controlfield tag="008">241204b        |||||||| |||| 00| 0 eng d</controlfield>
  <datafield tag="020" ind1=" " ind2=" ">
    <subfield code="a">9781636334219</subfield>
  </datafield>
  <datafield tag="041" ind1=" " ind2=" ">
    <subfield code="a">English</subfield>
  </datafield>
  <datafield tag="100" ind1=" " ind2=" ">
    <subfield code="a">Rathod U.</subfield>
    <subfield code="9">209044</subfield>
  </datafield>
  <datafield tag="245" ind1=" " ind2=" ">
    <subfield code="a">The Fun Of Being In Start Up</subfield>
  </datafield>
  <datafield tag="260" ind1=" " ind2=" ">
    <subfield code="b">Notion Press Pub</subfield>
    <subfield code="c">2024</subfield>
  </datafield>
  <datafield tag="300" ind1=" " ind2=" ">
    <subfield code="a">222</subfield>
  </datafield>
  <datafield tag="700" ind1=" " ind2=" ">
    <subfield code="a">Rathod Y.</subfield>
  </datafield>
  <datafield tag="942" ind1=" " ind2=" ">
    <subfield code="c">BK</subfield>
  </datafield>
  <datafield tag="999" ind1=" " ind2=" ">
    <subfield code="c">362149</subfield>
    <subfield code="d">362149</subfield>
  </datafield>
  <datafield tag="952" ind1=" " ind2=" ">
    <subfield code="0">0</subfield>
    <subfield code="1">0</subfield>
    <subfield code="2">ddc</subfield>
    <subfield code="4">0</subfield>
    <subfield code="7">0</subfield>
    <subfield code="a">CCEP</subfield>
    <subfield code="b">CCEP</subfield>
    <subfield code="d">2024-11-11</subfield>
    <subfield code="e">63</subfield>
    <subfield code="g">252.00</subfield>
    <subfield code="l">2</subfield>
    <subfield code="o">823 SAN</subfield>
    <subfield code="p">CCEP-BK-67604</subfield>
    <subfield code="q">2026-04-10</subfield>
    <subfield code="r">2026-03-27 13:01:45</subfield>
    <subfield code="s">2026-03-27</subfield>
    <subfield code="v">280.00</subfield>
    <subfield code="w">2024-11-11</subfield>
    <subfield code="y">BK</subfield>
  </datafield>
  <datafield tag="952" ind1=" " ind2=" ">
    <subfield code="0">0</subfield>
    <subfield code="1">0</subfield>
    <subfield code="2">ddc</subfield>
    <subfield code="4">0</subfield>
    <subfield code="7">0</subfield>
    <subfield code="a">CCEP</subfield>
    <subfield code="b">CCEP</subfield>
    <subfield code="d">2024-11-11</subfield>
    <subfield code="e">63</subfield>
    <subfield code="g">252.00</subfield>
    <subfield code="l">4</subfield>
    <subfield code="o">823 SAN</subfield>
    <subfield code="p">CCEP-BK-67605</subfield>
    <subfield code="r">2025-12-30 14:54:21</subfield>
    <subfield code="s">2025-12-13</subfield>
    <subfield code="v">280.00</subfield>
    <subfield code="w">2024-11-11</subfield>
    <subfield code="y">BK</subfield>
  </datafield>
  <datafield tag="952" ind1=" " ind2=" ">
    <subfield code="0">0</subfield>
    <subfield code="1">0</subfield>
    <subfield code="2">ddc</subfield>
    <subfield code="4">0</subfield>
    <subfield code="7">0</subfield>
    <subfield code="a">CCEP</subfield>
    <subfield code="b">CCEP</subfield>
    <subfield code="d">2024-11-11</subfield>
    <subfield code="e">63</subfield>
    <subfield code="g">252.00</subfield>
    <subfield code="l">4</subfield>
    <subfield code="o">823 SAN</subfield>
    <subfield code="p">CCEP-BK-67602</subfield>
    <subfield code="r">2026-02-20 17:30:47</subfield>
    <subfield code="s">2026-02-05</subfield>
    <subfield code="v">280.00</subfield>
    <subfield code="w">2024-11-11</subfield>
    <subfield code="y">BK</subfield>
  </datafield>
  <datafield tag="952" ind1=" " ind2=" ">
    <subfield code="0">0</subfield>
    <subfield code="1">0</subfield>
    <subfield code="2">ddc</subfield>
    <subfield code="4">0</subfield>
    <subfield code="7">0</subfield>
    <subfield code="a">CCEP</subfield>
    <subfield code="b">CCEP</subfield>
    <subfield code="d">2024-11-11</subfield>
    <subfield code="e">63</subfield>
    <subfield code="g">252.00</subfield>
    <subfield code="l">1</subfield>
    <subfield code="o">823 SAN</subfield>
    <subfield code="p">CCEP-BK-67603</subfield>
    <subfield code="r">2025-05-02 00:00:00</subfield>
    <subfield code="s">2025-04-15</subfield>
    <subfield code="v">280.00</subfield>
    <subfield code="w">2024-11-11</subfield>
    <subfield code="y">BK</subfield>
  </datafield>
  <datafield tag="952" ind1=" " ind2=" ">
    <subfield code="0">0</subfield>
    <subfield code="1">0</subfield>
    <subfield code="2">ddc</subfield>
    <subfield code="4">0</subfield>
    <subfield code="7">0</subfield>
    <subfield code="a">CCEP</subfield>
    <subfield code="b">CCEP</subfield>
    <subfield code="d">2024-11-11</subfield>
    <subfield code="e">63</subfield>
    <subfield code="g">252.00</subfield>
    <subfield code="l">6</subfield>
    <subfield code="o">823 SAN</subfield>
    <subfield code="p">CCEP-BK-67606</subfield>
    <subfield code="r">2026-02-20 15:34:38</subfield>
    <subfield code="s">2026-02-04</subfield>
    <subfield code="v">280.00</subfield>
    <subfield code="w">2024-11-11</subfield>
    <subfield code="y">BK</subfield>
  </datafield>
</record>
